Cliquez sur les États des États-Unis sur une carte - Statistiques

Statistiques générales
  • Ce quiz a été pris 40 579 fois
  • Le résultat moyen est 25 sur 50
Réponses sur la Carte
Les réponses sont colorées sur une échelle allant du rouge au vert en fonction du pourcentage des utilisateurs qui les ont devinées à leur premier essai. Vous pouvez retrouver ces pourcentages ci-dessous.
 
Statistiques - réponses
Réponse % Correct
Californie
81%
Alaska
80%
Hawaï
80%
Texas
80%
Floride
79%
Dakota du Nord
66%
Washington
66%
Nouveau-Mexique
64%
Dakota du Sud
63%
Nevada
60%
Louisiane
58%
Caroline du Sud
57%
Caroline du Nord
56%
Arizona
54%
Montana
53%
New York
53%
Maine
52%
Oregon
52%
Michigan
51%
Colorado
49%
Utah
49%
Virginie
49%
Géorgie
48%
Tennessee
48%
Pennsylvanie
47%
Illinois
46%
Minnesota
46%
New Jersey
45%
Kansas
44%
Oklahoma
44%
Rhode Island
44%
Idaho
43%
Kentucky
43%
Mississippi
43%
Virginie-Occidentale
43%
Wyoming
43%
Alabama
41%
Indiana
40%
Vermont
40%
Massachusetts
39%
Nebraska
39%
New Hampshire
39%
Ohio
39%
Connecticut
38%
Iowa
38%
Missouri
38%
Wisconsin
38%
Arkansas
35%
Maryland
35%
Delaware
33%
Aucun quiz correspondant
Distribution des résultats
% des personnes avec chaque résultat
Percentile par nombre de réponses
Votre historique - résultats
Vous n’avez pas pris ce quiz